Представление документа в формате RUSMARC

ПолеНазваниеЗначение
  Тип записи a
  Библиографический уровень m
001 Контрольный номер RU/IS/BASE/252246689
005 Дата корректировки 20210422092134.7
010 Индекс ISBN __
a ISBN 5-9533-1088-9
d Цена 121-72
101 Язык документа 0_
a Язык текста rus
200 Заглавие и сведения об ответственности 1_
a Заглавие Технопарк юрского периода. Загадки эволюции
f Первые сведения об ответственности А. Гангнус
210 Выходные данные 1_
a Место издания М.
c Издательство Вече
d Дата издания 2006
215 Физическое описание __
a Объем 478, [2] с.
c Иллюстрации/тип воспроизводства ил.
225 Серия (Журнальная рубрика) 2_
a Серия (Журнальная рубрика) Великие тайны
318 Примечание о действии __
a Действие п
330 Аннотация __
a Аннотация Какие тайны скрываются за величественными, внущающими трепет полярными сияниями? Почему в их переливах порой возникают очертания материков и островов? Как связана геологическая история Земли с катастрофами, которые переживала её биосфера? Обо всём этом и многих других тайнах планеты вы прочтете в новой книге А. Гангнуса.
517 Другие варианты заглавия 1_
a Другие варианты заглавия Загадки эволюции
606 Тематические рубрики __
a Основная рубрика биология
608 Указатель предметных рубрик __
a Жанр/форма научно-популярное издание
610 Ключевые слова 0_
a Ключевые слова эволюция жизни
a Ключевые слова происхождение жизни
a Ключевые слова динозавры
686 Индексы других классификаций __
a Индекс ББК 28.01
700 Автор _1
a Фамилия Гангнус
b Имя А.
801 Источник записи _0
a Страна RU
b Организация ЦРБ, Белый Яр
g Правила каталогизации PSBO
801 Источник записи _1
a Страна RU
b Организация ЦРБ, Белый Яр
g Правила каталогизации PSBO
852 Данные о местонахождении __
j Шифр хранения 28.01
i Авторский знак Г 19
p Инвентарный номер 73270
b Сигла хранения ООЧ; 8; 9; 26; 29
901 Тип документа __
t Тип документа m
905 Дата создания БЗ __
a Дата создания БЗ 2007.12.29
990 Данные о заказе (DOS) __
h N записи в КСУ для Б/У (DOS) 2008-1
j Количество экземпляров (DOS) 5